[Event "Madrid San Viator op-A 29th"]
[Site "Madrid"]
[Date "2017.10.22"]
[Round "5"]
[White "Lopez Benitez, David"]
[Black "Fernandez Rios, Jose Francisco"]
[Result "0-1"]
[WhiteElo "1717"]
[BlackElo "1770"]
[PlyCount "88"]
[EventDate "2017.09.17"]
[EventType "swiss"]
[EventRounds "9"]
[EventCountry "ESP"]
[SourceTitle "EXT 2019"]
[Source "ChessBase"]
[SourceDate "2018.10.10"]
[SourceVersion "1"]
[SourceVersionDate "2018.10.10"]
[SourceQuality "1"]

1. e4 c5 2. Nf3 g6 3. Bc4 Bg7 4. Ng5 e6 5. d3 Ne7 6. Nc3 0-0 7. 0-0 Nbc6 8. Be3 d5 9. exd5 exd5 10. Nxd5 Nxd5 11. Bxc5 Qxg5 12. Bxf8 Bxf8 13. Qf3 Be6 14. c3 Rd8 15. Rfe1 Qg4 16. Bxd5 Qxf3 17. Bxf3 Rxd3 18. Re2 a5 19. Be4 Rd7 20. Bc2 Bc5 21. b3 Kg7 22. Rae1 Bg4 23. Kf1 Bxe2+ 24. Rxe2 f5 25. f4 Re7 26. Bd3 Rxe2 27. Kxe2 Kf6 28. Bc4 h6 29. h4 g5 30. hxg5+ hxg5 31. fxg5+ Kxg5 32. Bd5 Kf4 33. Bf3 Nd8 34. Bd5 b6 35. c4 Ke5 36. Kf3 Ne6 37. Bxe6 Kxe6 38. Kf4 Bd6+ 39. Ke3 f4+ 40. Kd3 Bc5 41. Ke2 Ke5 42. Kd2 Kd4 43. Ke2 Kc3 44. Kf3 Be3 0-1